Politycy z Platformy Obywatelskiej - nagła śmierć - Statystyki

Ogólne statystyki
  • Ten quiz został rozwiązany 334 razy
  • Średni wynik to 9 z 12
Answers on the Grid
Answers color-coded by a green-red scale on the quiz's grid according to % correct below.
Władysław Kosiniak-Kamysz
Andrzej Duda
Donald Tusk
Rafał Trzaskowski
Radosław Sikorski
Szymon Hołownia
Bronisław Komorowski
Marek Sawicki
Donald Trump
Sławomir Nitras
Marek Jakubiak
Arkadiusz Myrcha
Przemysław Czarnek
Katarzyna Kotula
Włodzimierz Czarzasty
Robert Biedroń
Aleksandra Gajewska
Mariusz Błaszczak
Borys Budka
Tomasz Siemoniak
Krzysztof Bosak
Izabela Leszczyna
Ewa Kopacz
Marcin Kierwiński
 
Statystyki odpowiedzi
Odpowiedź % Poprawnych
Donald Tusk
97%
Rafał Trzaskowski
95%
Radosław Sikorski
91%
Bronisław Komorowski
89%
Borys Budka
77%
Sławomir Nitras
77%
Ewa Kopacz
72%
Marcin Kierwiński
67%
Izabela Leszczyna
66%
Tomasz Siemoniak
64%
Arkadiusz Myrcha
59%
Aleksandra Gajewska
58%
Nie znaleziono quizów pasujących do podanych kryteriów
Rozkład punktacji
Procent ludzi z każdym wynikiem
Percentyl według liczby udzielonych odpowiedzi
Twoja historia wyników
Nie rozwiązałeś tego quizu